Presentación

Saved in:
Bibliographic Details
Main Authors: Casado Velarde, Manuel (Author) , González Ruiz, Ramón (Author) , Loureda Lamas, Óscar (Author)
Format: Chapter/Article
Language:Spanish
Published: 2005
In: Estudios sobre lo metalingu͏̈ístico (en español)
Year: 2005, Pages: 7-11
Online Access: Get full text
Author Notes:Manuel Casado Velarde; Ramon González Ruiz; Óscar Loureda Lamas

MARC

LEADER 00000caa a22000002c 4500
001 1462016758
003 DE-627
005 20220811014229.0
007 tu
008 130806s2005 xx ||||| 00| ||spa c
035 |a (DE-627)1462016758 
035 |a (DE-576)392016753 
035 |a (DE-599)BSZ392016753 
035 |a (OCoLC)1340491453 
040 |a DE-627  |b ger  |c DE-627  |e rakwb 
041 |a spa 
084 |a 55  |2 sdnb 
100 1 |a Casado Velarde, Manuel  |d 1948-  |0 (DE-588)133037665  |0 (DE-627)53447229X  |0 (DE-576)299580628  |4 aut 
245 1 0 |a Presentación  |c Manuel Casado Velarde; Ramon González Ruiz; Óscar Loureda Lamas 
264 1 |c 2005 
300 |a 5 
336 |a Text  |b txt  |2 rdacontent 
337 |a ohne Hilfsmittel zu benutzen  |b n  |2 rdamedia 
338 |a Band  |b nc  |2 rdacarrier 
700 1 |a González Ruiz, Ramón  |d 1928-  |0 (DE-588)1057234974  |0 (DE-627)795754361  |0 (DE-576)413625540  |4 aut 
700 1 |a Loureda Lamas, Óscar  |d 1974-  |0 (DE-588)142673919  |0 (DE-627)638455022  |0 (DE-576)187864179  |4 aut 
773 0 8 |i In  |t Estudios sobre lo metalingu͏̈ístico (en español)  |d Frankfurt am Main : Lang, 2005  |g (2005), Seite 7-11  |h 292 S  |w (DE-627)482765836  |w (DE-576)117428930  |z 363153891X  |7 nnam  |a Presentación 
773 1 8 |g year:2005  |g pages:7-11  |g extent:5  |a Presentación 
951 |a AR 
992 |a 20130806 
993 |a BookComponentPart 
994 |a 2005 
998 |g 142673919  |a Loureda Lamas, Óscar  |m 142673919:Loureda Lamas, Óscar  |d 910000  |d 950000  |d 950950  |e 910000PL142673919  |e 950000PL142673919  |e 950950PL142673919  |k 0/910000/  |k 1/910000/950000/  |k 2/910000/950000/950950/  |p 3  |y j 
999 |a KXP-PPN1462016758  |e 2765067937 
BIB |a Y 
JSO |a {"title":[{"title":"Presentación","title_sort":"Presentación"}],"relHost":[{"language":["spa"],"title":[{"title":"Estudios sobre lo metalingu͏̈ístico (en español)","title_sort":"Estudios sobre lo metalingu͏̈ístico (en español)"}],"id":{"isbn":["363153891X"],"eki":["482765836"]},"physDesc":[{"extent":"292 S","noteFormat":"210 mm x 148 mm"}],"disp":"PresentaciónEstudios sobre lo metalingu͏̈ístico (en español)","origin":[{"publisherPlace":"Frankfurt am Main ; Berlin ; Bern ; Wien","dateIssuedKey":"2005","dateIssuedDisp":"2005","publisher":"Lang"}],"type":{"bibl":"edited-book"},"part":{"year":"2005","pages":"7-11","extent":"5","text":"(2005), Seite 7-11"},"name":{"displayForm":["Manuel Casado Velarde; Ramón González Ruiz; Oscar Loureda Lamas (eds.)"]},"relMultPart":[{"origin":[{"publisher":"Peter Lang ; Peter Lang Edition","publisherPlace":"[Wechselnde Erscheinungsorte] ; [Wechselnde Erscheinungsorte]","dateIssuedDisp":"1998-","dateIssuedKey":"1998"}],"physDesc":[{"noteFormat":"21 cm"}],"disp":"Studien zur romanischen Sprachwissenschaft und interkulturellen Kommunikation","type":{"bibl":"serial"},"recId":"353512834","pubHistory":["1.1998 -"],"dispAlt":"Studien zur romanischen Sprachwissenschaft und interkulturellen Kommunikation","part":{"number":["23"],"number_sort":["23"]},"id":{"issn":["1436-1914"],"zdb":["2087239-2"],"eki":["353512834"]},"language":["ger"],"title":[{"title_sort":"Studien zur romanischen Sprachwissenschaft und interkulturellen Kommunikation","title":"Studien zur romanischen Sprachwissenschaft und interkulturellen Kommunikation"}]}],"recId":"482765836","person":[{"given":"Manuel","display":"Casado Velarde, Manuel","family":"Casado Velarde","role":"edt"},{"role":"oth","display":"González Ruiz, Ramón","given":"Ramón","family":"González Ruiz"},{"given":"Óscar","display":"Loureda Lamas, Óscar","family":"Loureda Lamas","role":"edt"}]}],"language":["spa"],"id":{"eki":["1462016758"]},"name":{"displayForm":["Manuel Casado Velarde; Ramon González Ruiz; Óscar Loureda Lamas"]},"physDesc":[{"extent":"5 S."}],"origin":[{"dateIssuedKey":"2005","dateIssuedDisp":"2005"}],"person":[{"display":"Casado Velarde, Manuel","given":"Manuel","family":"Casado Velarde","role":"aut"},{"family":"González Ruiz","given":"Ramón","display":"González Ruiz, Ramón","role":"aut"},{"given":"Óscar","display":"Loureda Lamas, Óscar","family":"Loureda Lamas","role":"aut"}],"recId":"1462016758","type":{"bibl":"chapter"}} 
SRT |a CASADOVELAPRESENTACI2005